000 00371nam a2200145Ia 4500
008 230917s9999||||xx |||||||||||||| ||und||
040 _e132457
_aMAIN
041 _aEnglish
082 _a005.133 C784S
100 _aooper, Mullish
245 0 _aSpirit of 'C' an introduction to modern programming
260 _aMumbai
_bJAICO
_c2000
300 _a527p p.
942 _cBK
999 _c106744
_d106744